| 000 | 01513nam a22002297a 4500 | ||
|---|---|---|---|
| 001 | 5843 | ||
| 003 | FISKH | ||
| 005 | 20250124122711.0 | ||
| 008 | 250124b cb ||||| |||| 00| 0 eng d | ||
| 020 | _a9780198389057 | ||
| 040 |
_aFISKH _beng _cFISKH _dFISKH |
||
| 050 | _aPZ7 | ||
| 082 | _a428.0076 | ||
| 100 | _aArrendondo, Jane | ||
| 245 |
_aComplete first language English for Cambridge IGCSERG / _cby Jane Arredondo |
||
| 260 |
_aOxford : _bOxford University Press , _c2013. |
||
| 300 |
_a318 pages : _bcolor illustrations ; _c28 cm . |
||
| 520 | _aComprehensively matched to the latest Cambridge IGCSE syllabus (0500), including the changes to the Reading paper, for examination from 2020. This thematic and literature-based approach helps students develop key skills and knowledge, make cross-curricular connections and think criticallyacross a huge range of text types and age-appropriate literary extracts.Ensure students' can confidently tackle their exams with extensive guidance embedded throughout. A comprehensive syllabus mapping grid is also included so you can be sure of full support.Support students' learning with assessment support, exam-style questions and intereactive activities on the accompanying support site.Closely supported by a skills-focused Workbook and a comprehensive Teacher Pack, the complete package of resources thoroughly equips you to tackle the Cambridge IGCSE course and assessment. | ||
| 650 |
_a Secondary _v Non-Fiction |
||
| 942 |
_2ddc _cBK _n0 |
||
| 999 |
_c5843 _d5843 |
||